La desaparición forzada en México (Registro nro. 437110)

Detalles MARC
000 -LÍDER
Campo fijo de descripción fija 00847nam a22002417a 4500
003 - IDENTIFICADOR DEL NÚMERO DE CONTROL
Campo de control BCEG
005 - FECHA Y HORA DE LA ULTIMA TRANSACCIÓN
control field 20260318113743.0
008 - ELEMENTOS DE LONGITUD FIJA -- INFORMACIÓN GENERAL
Campo fijo de descripción fija -- Información general 260318s2022 mx |||||||||||||||||spa|d
040 ## - FUENTE DE CATALOGACIÓN
Agencia de catalogación original BCEG
Idioma de catalogación spa
Agencia que realiza la transcripción BCEG
082 ## - NÚMERO DE CLASIFICACIÓN DECIMAL DEWEY
Número de clasificación 364.1540972
Clave de autor-Numero de item C581d
100 1# - ASIENTO PRINCIPAL--NOMBRE PERSONAL
Nombre del autor personal Citroni, Gabriela.
245 13 - TÍTULO PROPIAMENTE DICHO
Título La desaparición forzada en México
Otra información sobre el título - Subtitulo : una mirada desde los organismos del sistema de Naciones Unidas.
260 ## - PUBLICACIÓN, DISTRIBUCIÓN, ETC. (PIE DE IMPRENTA)
Lugar de publicación, distribución, etc. Ciudad de México :
Nombre del editor, distribuidor, etc. Oficina en México de Alto Comisionado de las Naciones Unidas para los Derechos Humanos,
Fecha de publicación, distribución, etc. 2022.
300 ## - DESCRIPCIÓN FÍSICA
Extensión 473 p.
Otros detalles físicos : tabs.
541 ## - NOTA DE FUENTE INMEDIATA DE ADQUISICIÓN
Nota de fuente de adquisición Donación.
610 24 - ASIENTO SECUNDARIO DE MATERIA - NOMBRE CORPORATIVO
Nombre corporativo o nombre de la jurisdicción como elemento de entrada Naciones Unidas.
650 14 - ASIENTO SECUNDARIO DE MATERIA - TERMINO TEMÁTICO
Término temático o nombre geográfico como elemento de entrada Desaparición de personas
Subdivisión geográfica México.
650 14 - ASIENTO SECUNDARIO DE MATERIA - TERMINO TEMÁTICO
Término temático o nombre geográfico como elemento de entrada Violencia
Subdivisión geográfica México.
700 1# - ASIENTO SECUNDARIO - NOMBRE PERSONAL
Nombre personal Hazan, Luciano,
Función o responsabilidad del autor coaut.
700 1# - ASIENTO SECUNDARIO - NOMBRE PERSONAL
Nombre personal Villa Quintana, Carmen Rosa,
Función o responsabilidad del autor coaut.
700 1# - ASIENTO SECUNDARIO - NOMBRE PERSONAL
Nombre personal Peña Palacios, Jesús,
Función o responsabilidad del autor ed.
942 ## - TIPO DE MATERIAL (KOHA)
Tipo de Item KOHA Libro
Existencias
No para Préstamo Colección Biblioteca de Origen Biblioteca Permanente Fecha de Adquisición Fuente de Adquisicion Total de Préstamos Signatura Topográfica Código de Barras Última vez visto Tipo de Material
Material en Reserva General Biblioteca Central Estatal de Guanajuato, "Wigberto Jiménez Moreno" Biblioteca Central Estatal de Guanajuato, "Wigberto Jiménez Moreno" 18/03/2026 DONAD   364.1540972 C581d BCEG8655230891 18/03/2026 Libro